Implementácia QC-MDPC McEliece kryptosystému nad okruhom zvyškových tried modulo q
Gespeichert in:
| 1. Verfasser: | |
|---|---|
| Weitere Verfasser: | |
| Format: | Manuskript Buch |
| Sprache: | Slowakisch |
| Veröffentlicht: |
Bratislava :
STU v Bratislave FEI,
2023
|
| Schlagworte: | |
| Online-Zugang: | https://opac.crzp.sk/?fn=detailBiblioFormChildW2988&sid=C0DEB8E07572332BAD250D15805F&seo=CRZP-detail-kniha |
| Tags: |
Keine Tags, Fügen Sie das erste Tag hinzu!
|
MARC
| LEADER | 00000ntm a22000003a 4500 | ||
|---|---|---|---|
| 001 | stuzp88820 | ||
| 003 | SK-STU | ||
| 005 | 20241213085759.3 | ||
| 007 | ta | ||
| 008 | 150427s2015----xo-----f-mn---000-0-slo-d | ||
| 040 | |a STU |b slo | ||
| 041 | 0 | |a slo | |
| 044 | |a xo | ||
| 100 | 1 | |a Paška, Juraj |u 035000 |4 aut |U FEI Fakulta elektrotechniky a informatiky |T FEI Ústav informatiky a matematiky |X 92318 |U E050 |Y 816 |7 92318 | |
| 242 | 0 | 1 | |a Implementation of the QC-MDPC McEliece cryptosystem over the ring of integers modulo q |y eng |
| 245 | 1 | 0 | |a Implementácia QC-MDPC McEliece kryptosystému nad okruhom zvyškových tried modulo q |
| 260 | |a Bratislava : |b STU v Bratislave FEI, |c 2023 | ||
| 300 | |a 69 s. | ||
| 650 | 4 | |a post-kvantová kryptografia |2 slo | |
| 650 | 4 | |a QC-MDPC |2 slo | |
| 650 | 4 | |a asymetrická kryptografia |2 slo | |
| 650 | 4 | |a McEliecov kryptosystém |2 slo | |
| 650 | 4 | |a McEliece cyptosystem |2 eng | |
| 650 | 4 | |a QC-MDPC McEliece |2 eng | |
| 650 | 4 | |a postquantum cryptography |2 eng | |
| 650 | 4 | |a asymetric cryptography |2 eng | |
| 700 | 1 | |a Fabšič, Tomáš |u 035000 |k Z1 |4 ths |U FEI Fakulta elektrotechniky a informatiky |T FEI Ústav informatiky a matematiky |X 63826 |U E050 |Y 816 |7 63826 | |
| 856 | 4 | |u https://opac.crzp.sk/?fn=detailBiblioFormChildW2988&sid=C0DEB8E07572332BAD250D15805F&seo=CRZP-detail-kniha | |